000 00670nam a2200289Ia 4500
005 20260324143229.0
008 008 260324s9999 xx 000 0 eng d
020 _a9781315073811
037 _aEBOOK
040 _aCRL
040 _beng
040 _cCRL
041 _2eng
041 _aeng
084 _qCRL
100 _aElaine Cogan
_91214873
245 0 _aSuccessful Public Meetings, 2nd ed.
245 2 _bA Practical Guide
260 _bTaylor and Francis
260 _c1992
365 _a
365 _b230
856 _uhttp://www.taylorfrancis.com/books/9781315073811
942 _cEBOOK
999 _c1820010
_d1820010